{"text_format":"1","workbook":"xlsx","n_sheets":3,"sheets":["Sheet1","Sheet3","Sheet2"],"not_rendered":{"charts":0,"images":0,"macros":0,"external_links":0,"defined_names":1,"comments":0,"pivot_tables":0},"unopened":[],"bounds":{"document_bytes":16777216,"sheet_cells":100000,"rows_first":2000,"rows_last":500,"rows_between":2000,"halvings":0,"cell_chars":16384,"cell_head_chars":4096},"cells_cut":0,"cells_raw":0,"read":"whole","date_system":"1900"}

{"sheet":"Sheet1","index":0,"n_rows":110,"n_cols":7,"rows_kept":110,"cut":false,"hidden":false,"merged":[[106,1,106,6],[107,1,107,6],[108,1,108,6],[109,1,109,6],[102,1,102,6],[103,1,103,6],[104,1,104,6],[105,1,105,6],[97,1,97,6],[98,1,98,6],[100,1,100,6],[101,1,101,6],[91,2,91,4],[92,2,92,4],[93,2,93,4],[94,2,94,4],[59,2,60,6],[75,2,75,4],[76,2,77,6],[14,0,15,6],[19,2,20,6],[31,2,31,4],[32,2,33,6],[10,0,11,6],[12,0,13,6],[17,4,18,4],[17,5,17,6],[58,2,58,4],[1,4,1,6],[2,4,2,6],[3,4,3,6],[4,4,4,6],[5,4,5,6],[1,0,1,2],[2,0,2,2],[3,0,3,2],[4,0,4,2],[5,0,5,2]]}
[]
["SUDERINTA: ___________ TŪKST.LT.                                      ",null,null,null,"TVIRTINU:_______________TŪKST.LT.                                     "]
["                                                            ",null,null,null,"                                                            "]
["ATSAKINGAS ATSTOVAS ______________                                    ",null,null,null,"ATSAKINGAS ATSTOVAS _____________                                     "]
["                                                            ",null,null,null,"gen.direk. Vytas Valentukevičius                                      "]
["2015  M.            MĖN.    D.                                        ",null,null,null,"2015m.       MĖN.   D.                                                "]
[]
[null,null,null,"L O K A L I N Ė      S Ą M A T A"]
[null,null,null,"Sudaryta pagal 2015.03 kainas"]
[]
["Statinių grupė   15-06-09 Vilniaus miesto klinikinė ligoninė"]
[]
["Statinys                1 Remonto darbai"]
[]
["Žiniaraštis             1 Bendrastatybiniai darbai"]
[]
[null,null,null,null,"Suma žiniaraščiui   85942.21 EUR (296741.26 Lt.)"]
["Sąm.","Darbo","Darbų ir išlaidų ","Mato","Kiekis","Kaina  EUR       "]
["eil.","kodas","aprašymai","vnt",null,"Vieneto kaina","Iš  viso"]
[null,"   1","Grindys"]
[]
["   1","R5-35","Seno linoleumo nuėmimas","m2",183.11,0.56299999999999994,103.09]
["   2","R5-56","Keraminių plytelių dangos ir grindjuosčių išardymas","100m2",0.74709999999999999,215.24109999999999,160.81]
["   3","N46-164","Pagrindo po grindimis iš betono su žvyru išardymas","m3",7.24,96.313199999999995,697.31]
["   4","N46-176","Kiliminės dangos nuėmimas","100m2",0.10199999999999999,81.164900000000003,8.2799999999999994]
["   5","N11P-0401","Cementinio skiedinio grindų išlyginamųjų sluoksnių įrengimas rankiniu būdu, kai sluoksnio storis  70 mm","100m2",0.35720000000000002,686.86869999999999,245.35]
["   6","N8-8-10","Horizontalių paviršių izoliavimas, užtepant (glaistant) hidroizoliacinį mišinį Procor 10","m2",54.8,5.7077999999999998,312.79000000000002]
["   7","N15P-0317","Sienų, grindų sandūrų izoliavimas hidroizoliacine juosta","100m",0.73499999999999999,107.6294,79.11]
["   8","N11-110-1","Keraminių plytelių danga su praplatintomis siūlėmis, klijuojant \"Atlas\" klijais","m2",54.8,31.224699999999999,1711.11]
["   9","N11P-0404","Grindų pagrindų išlyginimas savaime išsilyginančiu skiediniu ( sluoksnio  storis 5.00 mm)","100m2",4.9939999999999998,605.22659999999996,3022.5]
["  10","N11P-0702","PVC grindų dangų įrengimas, klijuojant ir sulydant sujungimus bei užklijuojant dangą ant sienos (m2 padengto pl.) , kai danga vienos spalvos","m2",445.95,19.899000000000001,8873.9599999999991]
[null,null,"                         Skyriuje      1",null,null,null,15214.31]
[null,"   2","Sienos"]
[]
["   1","R23-199","Statinio plytų mūro konstrukcijų pjovimas diskiniu pjūklu","m",52,2.8243,146.86000000000001]
["   2","R6-4","Mūrinių pertvarų išardymas rankiniu būdu, be plytų atrinkimo","m3",6.81,33.8187,230.31]
["   3","N8P-0502","120 mm storio (1/2) pytos armuotų pertvarų mūrijimas , naudojant silikatines plytas 88 mm storio","m2",1.7,24.126100000000001,41.01]
["   4","N8-208","Paduodant medžiagas rankiniu būdu (30m atstumu) silikatinių 1/2 plytos storio pertvaroms pridėti","100m2",1.7000000000000001E-2,404.0437,6.87]
["   5","R24-10","Esamų pastatų sienose surenkamų gelžbetonio sąramų iki 0.1t svorio įrengimas rankiniu būdu,iškertant vagas rankin. būdu","m3",0.12,1222.8525999999999,146.74]
["   6","G-8237","Sąramos M16","vnt",6,10.164,60.98]
["   7","R13-5","Sienų aptaisymo glazūruotomis plytelėmis išardymas, be plytelių išsaugojimo","m2",389.86,2.8294999999999999,1103.1099999999999]
["   8","A5-11-1","Apdailinių plokščių nuo sienų  nuardymas","10m2",1.083,9.4126999999999992,10.19]
["   9","R14-225-1","Anksčiau dažytų sienų vandeniniais dažais nuvalymas, nuplaunant paviršių","100m2",5.3226000000000004,43.736600000000003,232.79]
["  10","R11-81","Sienų atskirų vietų iki 5 m2 ploto tinko remontas cemento-kalkių skiediniu","m2",410.86,14.5459,5976.33]
["  11","N15-76","Sienų vidinių paviršių 5 mm storio viensluoksnis tinkas (rankiniu būdu)","100m2",5.03,565.70870000000002,2845.51]
["  12","N8-8-9","Vertikalių paviršių izoliavimas, užtepant (glaistant) hidroizoliacinį mišinį Procor 20","m2",49.1,5.2031999999999998,255.48]
["  13","N15-33-2","Sienų aptaisymas vienspalvėmis glazūruotomis plytelėmis ant \"Atlas\" klijų","m2",339.44,23.912400000000002,8116.83]
["  14","N15P-0102","Sienų vidinių paviršių glaistymas gipsiniais glaistais (pirmasis 1.00 mm  storio sluoksnis)","100m2",5.7435,286.4735,1645.36]
["  15","N15P-0102","Sienų vidinių paviršių glaistymas gipsiniais glaistais (kartotinis 1.00 mm  storio sluoksnis)","100m2",5.7435,187.49889999999999,1076.9000000000001]
["  16","N15P-0201","Sienų vidinių paviršių pagrindo gruntavimas drėgmę atstumiančiais gruntais  voleliu","100m2",5.7435,78.661000000000001,451.79]
["  17","N15-135","Paruoštų dažymui sienų surenkamų konstrukcijų labai geras dažymas vandens emulsiniais dažais","100m2",5.7435,570.42250000000001,3276.22]
["  18","N15P-0202","Sienų vidinių paviršių pagrindo gruntavimas antipelėsiniais tirpalais","100m2",5.7435,120.35080000000001,691.23]
["  19","R14-201","Anksčiau dažytų radiatorių, briaunotų vamzdžių dažymas du kartus aliejiniais dažais","m2",111.9,4.5735000000000001,511.77]
["  20","N9-218","Lengvų profilių metalinio karkaso tvirtinimas prie paviršių","100m",7.0000000000000007E-2,312.35230000000001,21.86]
["  21","N9P-0502","Vieno sluoksnio gipskartonio plokščių tvirtinimas prie pertvarų metalinių karkasų","100m2",5.0000000000000001E-3,634.92809999999997,3.17]
["  22","N7P-0306","Gelžbetoninių sąramų demontavimas  k1=0.60,k2=0.60,k3=0.000","vnt.",5,5.8974000000000002,29.49]
["  23","N10-183","WC pertvaros","m2",35.799999999999997,48.3446,1730.74]
["  24","N10-183","Dušinių pertvaros","m2",15.4,55.694600000000001,857.7]
[null,null,"                         Skyriuje      2",null,null,null,29469.24]
[null,"   3","Lubos"]
[]
["   1","R14-225-2","Anksčiau dažytų lubų vandeniniais dažais nuvalymas, nuplaunant paviršių","100m2",1.1951000000000001,52.351399999999998,62.57]
["   2","N15-77-1","Lubų paviršių 5 mm storio viensluoksnis tinkas","100m2",1.1951000000000001,527.27099999999996,630.14]
["   3","N15P-0106","Lubų paviršių glaistymas gipsiniais glaistais (pirmasis 1.00 mm  storio sluoksnis)","100m2",1.1951000000000001,373.97829999999999,446.94]
["   4","N15P-0106","Lubų paviršių glaistymas gipsiniais glaistais (kartotinis 1.00 mm  storio sluoksnis)","100m2",1.1951000000000001,242.08840000000001,289.32]
["   5","N15P-0206","Lubų paviršių pagrindo gruntavimas giliai įsigeriančiais gruntais  voleliu","100m2",1.1951000000000001,136.53550000000001,163.16999999999999]
["   6","N15-136","Paruoštų dažymui lubų labai geras dažymas vandens emulsiniais dažais","100m2",1.1951000000000001,703.82560000000001,841.14]
["   7","N15P-0407","Gipskartonio lubų išardymas  k1=0.60,k2=0.60,k3=0.000","m2",32.14,3.5876999999999999,115.31]
["   8","F15-1-9","Lubų aptaisymas gipso kartono plokštėmis, įrengiant metalinį karkasą ir užtaisant ir glaistant siūles","100m2",0.32140000000000002,2325.2305000000001,747.33]
["   9","N15P-0106","Lubų paviršių glaistymas gipsiniais glaistais (pirmasis 1.00 mm  storio sluoksnis)","100m2",0.32140000000000002,373.97829999999999,120.2]
["  10","N15P-0106","Lubų paviršių glaistymas gipsiniais glaistais (kartotinis 1.00 mm  storio sluoksnis)","100m2",0.32140000000000002,242.08840000000001,77.81]
["  11","N15P-0206","Lubų paviršių pagrindo gruntavimas giliai įsigeriančiais gruntais  voleliu","100m2",0.32140000000000002,136.53550000000001,43.88]
["  12","N15-136","Paruoštų dažymui lubų labai geras dažymas vandens emulsiniais dažais","100m2",0.32140000000000002,703.82560000000001,226.21]
["  13","N46-150","Pakabinamų lubų iš asbestcementinių plokščių išardymas","100m2",2.3273000000000001,646.25419999999997,1504.03]
["  14","F15-1-10","\"Amstrong\" akustinių pakabinamų lubų su metalo konstrukcija ir plokštėmis 600x600 mm įrengimas","m2",346.81,24.178999999999998,8385.52]
[null,null,"                         Skyriuje      3",null,null,null,13653.57]
[null,"   4","Durys,langai"]
[]
["   1","N46-184","Medinių durų angų užpildymo išardymas mūro sienose, nukapojant tinką","100m2",0.4521,394.60879999999997,178.4]
["   2","N10-140","Metalinių durų varčių įstatymas į staktas","m2",2.72,93.603200000000001,254.6]
["   3","N2P-0301","Plieninių durų blokų montavimas mūrinėse sienose ( vidinių durų blokų plotas iki 2 m2)","m2",54.03,120.6001,6516.02]
["   4","N2P-0312","Durų apvadai mediniai,dažyti","m",133.9,6.3601000000000001,851.62]
["   5","R3-25","Palangės lentos pakeitimas","m",2.72,14.3012,38.9]
["   6","N2P-0303","Medinių durų blokų montavimas mūrinėse sienose, kai staktos tradicinės ( vidinių durų blokų plotas iki 2 m2)","m2",11.5,108.5564,1248.4000000000001]
["   7","F9-5","Nerūdijančio plieno profilio 0,9m aukščio(nuo smūgių)montavimas ant apvadų","100m",0.36,397.54930000000002,143.12]
["   8","N2P-0312","Durų apvadų demontavimas  k1=0.60,k2=0.60,k3=0.000","m",3.3,0.38300000000000001,1.26]
["   9","R3-25","Apsauginės lentos pakeitimas","m",100,16.861000000000001,1686.1]
["  10","N20-506","Revizinės durelės","vnt",10,18.357600000000001,183.58]
["  11","R23-62","Statybinių šiukšlių išvežimas 10 km atstumu automobiliais-savivarčiais, pakraunant rankiniu būdu","t",12,26.328399999999998,315.94]
["  12","R23-65","Statybinių šiukšlių išvežimas 10 km atstumu automobiliais-savivarčiais, pakraunant ekskavatoriais 0,25 m3 talpos kaušais","t",51,15.7065,801.03]
["  13","R23-66","Transportuojant statybines šiukšles už kiekvieną papildomą kilometrą pridėti  k4=15.000","t",63,7.4687000000000001,470.53]
[null,null,"                         Skyriuje      4",null,null,null,12689.5]
[null,null,"                         Žiniaraštyje     1",null,null,null,71026.62]
[null,null,"                         Pridėtinės vertės mokestis  21.00%",null,null,null,14915.59]
[null,null,"                         Iš viso žiniaraštyje   1",null,null,null,85942.21]
[]
[]
[null,"Sudarė :Janina Lekavičienė                                            "]
[null,"         /Pavardė/                                                    "]
[]
[null,"                                                                      "]
[null,"                                                                      "]
[null,"                                                                      "]
[null,"                                                                      "]
[null,"                                                                      "]
[null,"                                                                      "]
[null,"                                                                      "]
[null,"                                                                      "]
[null,"                                                                      "]
[null,"                                                                      "]

{"sheet":"Sheet3","index":1,"n_rows":0,"n_cols":0,"rows_kept":0,"cut":false,"hidden":false,"merged":[]}

{"sheet":"Sheet2","index":2,"n_rows":0,"n_cols":0,"rows_kept":0,"cut":false,"hidden":false,"merged":[]}